000 00516 a2200157 4500
999 _c3484
_d3484
020 _a9780263871852
050 _aPN6071 ROB 1992
100 _aRoberts, Nora
_eauthor
245 _aEntranced /
_cNora Roberts
264 _aSurrey
_bMills & Boon
_c1992
300 _a329p. :
500 _aNora Roberts is the New York Times bestselling author
650 _aDonovan family (Fictitious characters) -- Fiction.
_xPsychics -- Fiction.
650 _aWomen private investigators -- Fiction.
942 _2lcc
_cBK
_h6071
_iROB
_kPN